[Event "FRA-ch op-C"]
[Site "Albi"]
[Date "2022.08.20"]
[Round "8"]
[White "Lion, Pierre"]
[Black "Smadi, Laurent"]
[Result "1-0"]
[WhiteElo "1690"]
[BlackElo "1770"]
[PlyCount "33"]
[EventDate "2022.08.13"]
[EventType "swiss"]
[EventRounds "9"]
[EventCountry "FRA"]
[SourceTitle "CBM 210 Extra"]
[Source "ChessBase"]
[SourceDate "2022.11.30"]
[SourceVersion "1"]
[SourceVersionDate "2022.11.30"]
[SourceQuality "1"]

1. e4 e5 2. Nf3 Nc6 3. Bc4 Bc5 4. 0-0 Nf6 5. d4 Bxd4 6. Nxd4 Nxd4 7. Bg5 h6 8. Bh4 g5 9. f4 d5 10. exd5 Nxd5 11. fxe5 Nf4 12. Rxf4 Ne6 13. Qh5 Qd7 14. Bxe6 Qxe6 15. Rf6 Qxe5 16. Qxf7+ Kd8 17. Nc3 1-0